Fairy Cat (Titelsatznr. 1481)

[ MARC ]
MARC-Details
000 -LEADER
fixed length control field 00311nam a22001337a 4500
003 - CONTROL NUMBER IDENTIFIER
control field OSt
005 - DATE AND TIME OF LATEST TRANSACTION
control field 20260115140836.0
008 - FIXED-LENGTH DATA ELEMENTS--GENERAL INFORMATION
fixed length control field 260115b |||||||| |||| 00| 0 eng d
020 ## - INTERNATIONAL STANDARD BOOK NUMBER
International Standard Book Number 979-8-89373-416-4
040 ## - CATALOGING SOURCE
Transcribing agency Seven Seas Enterainment
100 ## - MAIN ENTRY--PERSONAL NAME
Personal name Takano, Hisa
245 ## - TITLE STATEMENT
Title Fairy Cat
Number of part/section of a work 1
942 ## - ADDED ENTRY ELEMENTS (KOHA)
Source of classification or shelving scheme Dewey Decimal Classification
Koha item type Manga
Suppress in OPAC No
Exemplare
Withdrawn status Lost status Source of classification or shelving scheme Damaged status Not for loan Home library Current library Shelving location Date acquired Total checkouts Barcode Date last seen Date last checked out Price effective from Koha item type
    Dewey Decimal Classification     Bunte Manga Potsdam Bunte Manga Potsdam Sprache Englisch 01/15/2026 1 1462 01/27/2026 01/20/2026 01/15/2026 Manga

Powered by Koha